| 000 | 00653nam a22002177a 4500 | ||
|---|---|---|---|
| 003 | LK-CoDNM | ||
| 005 | 20241011103329.0 | ||
| 008 | 241011b |||||||| |||| 00| 0 eng d | ||
| 040 |
_aLK-CoDNM _dLK-CoDNM _eLK-CoDNM |
||
| 041 | _asin | ||
| 080 |
_aප්ර.අ _b28 |
||
| 100 | _aවැලිවිටියේ පුඤ්ඤසාර හිමි | ||
| 245 | _aආනන්නොදය | ||
| 250 | _aPart 1-4 | ||
| 260 | _bColombo | ||
| 300 | _a178p. : ill ; 23cm | ||
| 650 | _aප්ර.අ 28 | ||
| 650 | _aවැලිවිටියේ පුඤ්ඤසාර හිමි | ||
| 650 | _aආනන්නොදය | ||
| 942 | _cBK | ||
| 999 |
_c218987 _d218987 |
||